Modelovanie makroekonomicých vzťahov využitím dynamických modelov diplomová práca

Salvato in:
Dettagli Bibliografici
Autore principale: Brezovský, Peter
Ente Autore: Fakulta hospodárskej informatiky EU. Katedra operačného výskumu a ekonometrie
Altri autori: Lukáčiková, Adriana, 1971-
Natura: Libro
Lingua:slovacco
Pubblicazione: Bratislava 2017
Tags: Aggiungi Tag
Nessun Tag, puoi essere il primo ad aggiungerne!!

MARC

LEADER 00000nbm a2200000 4500
001 0233035
005 20180215145223.2
041 0 |a slo 
044 |a SK 
245 1 0 |a Modelovanie makroekonomicých vzťahov využitím dynamických modelov  |b diplomová práca  |c Peter Brezovský ; školiteľ: Adriana Lukáčiková 
264 1 |a Bratislava  |c 2017 
300 |a 63 s. 
100 1 |a Brezovský, Peter 
700 1 |a Lukáčiková, Adriana, 1971- 
710 2 |a Fakulta hospodárskej informatiky EU. Katedra operačného výskumu a ekonometrie